000
00306nam a22001337a 4500
008
170224b xxu||||| |||| 00| 0 eng d
020
_a
0815125461
041
_a
eng
080
_2
3 ED
_a
617
100
_a
5
101
_a
SHK
245
_a
HANGBOOK OF SURGICAL INTENSIVE CARE
_c
LYERLY .H.K
942
_2
udc
_c
BK
999
_c
6207
_d
6207